Mama : (Registro nro. 10604)

Detalles MARC
000 -LIDER
fixed length control field 00698nam a22002417a 4500
001 - NÚMERO DE CONTROL
Identificador de número de control 00594
003 - IDENTIFICACDOR DE NÚMERO DE CONTROL
control field DO-SdBNP
005 - DATE AND TIME OF LATEST TRANSACTION
control field 20180131154639.0
007 - CAMPOS FIJOS DE DESCRIPCIÓN FÍSICA
fixed length control field 00594
008 - ELEMENTOS DE LONGITUD FIJA
fixed length control field 160627b 1996 sp ||| 00| 0 spa d
020 ## - ISBN
International Standard Book Number 9788433908339
040 ## - FUENTE DE CATALOGACIÓN
Agencia que crea de manera original el registro BPMSU
Idioma de catalogación spa
Agencia que realiza la transcripción BPMSU
092 ## - LOCALLY ASSIGNED DEWEY DECIMAL CALL NUMBER
Número de clasificación xxxxxxxx
Número de ítem (Cutter) xxxxxxxx
100 1# - ASIENTO PRINCIPAL -- NOMBRE PERSONAL
Nombre personal McMillan, Terry
245 1# - MENCIÓN DE TITULO
Título Mama :
Mención de responsabilidad Terry McMillan ; traducción Roser Berdagué ; ilustración Synthia Saint James
300 ## - DESCRIPCIÓN FÍSICA
Extensión 290 p. :
Dimensiones 22 cm.
490 1# - MENCIÓN DE SERIES
Mención de serie Panorama de narrativas
Volume/sequential designation 363
700 1# - ASIENTO SECUNDARIO -- NOMBRE PERSONAL
Nombre personal Berdagué, Roser,
Mención de responsabilidad tr.
830 #0 - ASIENTO SECUNDARIO DE SERIE--TÍTULO UNIFORME
Título uniforme Panorama de narrativas
Número de la parte o sección de una obra 363
942 ## - ADDED ENTRY ELEMENTS (KOHA)
Source of classification or shelving scheme Dewey Decimal Classification
Koha item type Libros
945 ## - INFORMACIÓN DE PROCESAMIENTO LOCAL
Información de procesamiento local Inventariado, 2018/ YL
956 ## - LOCAL ELECTRONIC LOCATION AND ACCESS (OCLC)
Nombre de host BTAVÁREZ
Número de acceso 10
Información de compresión 20162706
Trayectoria 00594
Existencias
Withdrawn status Lost status Source of classification or shelving scheme Damaged status Not for loan Collection code Home library Current library Date acquired Source of acquisition Total Checkouts Barcode Date last seen Price effective from Koha item type
    Dewey Decimal Classification     Colección General Biblioteca Pública Metropolitana Salomé Ureña Biblioteca Pública Metropolitana Salomé Ureña 06/27/2016 Donación   BPMSU16060606 06/27/2016 06/27/2016 Libros